[Event "ESP-chT Div Honor 2018"]
[Site "Linares"]
[Date "2018.08.08"]
[Round "3"]
[White "Silva Lucena, Cristian"]
[Black "Moskalenko, Viktor"]
[Result "0-1"]
[WhiteElo "2237"]
[BlackElo "2504"]
[Annotator "TA"]
[PlyCount "90"]
[EventDate "2018.08.06"]
[EventType "team-tourn"]
[EventCountry "ESP"]
[SourceTitle "playchess.com"]
[Source "ChessBase"]
[SourceQuality "1"]

{[%evp 15,90,26,55,2,58,59,50,50,60,60,57,26,25,-51,-9,-13,-42,-31,64,-93,-5,-13,-14,-46,-43,-135,-136,-128,-131,-158,-158,-144,-128,-158,-119,-247,-275,-267,-250,-263,-248,-325,-331,-305,-293,-346,-356,-588,-334,-508,-404,-623,-291,-290,-282,-288,-286,-261,-264,-276,-294,-267,-241,-388,-367,-416,-415,-623,-419,-441,0,-645,-641,-677,-677,-676,-667]} 1. e4 d6 2. d4 g6 3. Nc3 Bg7 4. Be3 a6 5. h4 Nf6 6. f3 b5 {B07: Pirc Defence: Miscellaneous Systems} 7. Qd2 h5 8. O-O-O c6 {LiveBook: 20 Games. White has an edge.} 9. e5 $146 (9. Nge2 $14) ({Predecessor:} 9. Kb1 Qc7 10. Bf4 b4 11. Na4 a5 12. Bc4 Ba6 13. Bb3 Nbd7 14. Nh3 {1-0 (38) Leko,P (2693)-Saric,I (2652) Tallinn 2016}) 9... b4 (9... Nd5 $11) 10. exf6 $14 bxc3 11. Qxc3 Bxf6 12. Bg5 Bg7 13. Re1 Ra7 $1 14. Qe3 (14. Bc4 $11) 14... Rb7 {And now ...Qb6 would win.} 15. Bc4 c5 ({Don't go for} 15... Qb6 $2 16. Qxe7+ $1 {[%mdl 512]} Rxe7 17. Rxe7+ Kf8 18. Rxf7+ Ke8 19. Rxg7 $18) 16. Bd5 Bxd4 (16... cxd4 $15 17. Qf4 f6 18. Qxd4 (18. Bxb7 fxg5 19. Qe4 Bf5 $14) 18... Rb5) 17. Qf4 $2 (17. Qe4 $14 {was forced to keep a grip.} f5 18. Qd3 Bxb2+ 19. Kd1) 17... f6 (17... Bxb2+ $17 18. Kd1 f6 19. Bxf6 Rb4) 18. c3 Be5 19. Qe4 Bf5 20. Qc4 (20. Qa4+ $15 Qd7 21. Qxd7+ Rxd7 22. Bd2) 20... Qb6 $1 $17 {[%cal Rb6b2]} 21. Bxb7 Qxb7 22. Be3 Nd7 $1 $40 {[%mdl 1152] Black has strong compensation. Black has strong attack.} 23. Ne2 d5 24. Qb3 Qc6 25. f4 {[#]} (25. Bf4 $17 {was worth a try.}) 25... Bd6 $1 $19 26. Ng3 Bd3 27. Qd1 {[#]} c4 $1 28. Ne2 Kf7 29. Nd4 Qb7 30. g4 Nc5 31. Nc2 $2 (31. gxh5 Rxh5 32. b4) 31... Bxc2 32. Kxc2 (32. Qxc2 {only move.} Nd3+ 33. Kb1 Nxe1 34. Rxe1 hxg4 35. Qg2) 32... Nd3 {[%csl Gd3][%cal Rb7b2]} 33. Bc1 (33. b3 $142 Rb8 34. Re2) 33... Nxe1+ (33... Bxf4 $142 34. Qe2 Bxc1) 34. Rxe1 hxg4 35. Qxg4 Qc8 36. Qxc8 Rxc8 {[%mdl 4096] Endgame KRB-KRB} 37. b3 Rh8 38. Rh1 Ke6 39. b4 (39. Re1+ $142 Kf7 40. Rh1) 39... Kf5 40. a4 Bxf4 41. Ba3 (41. Bxf4 $142 Kxf4 42. Re1) 41... Bd6 42. Bc1 Bf4 (42... g5 $142 43. Rf1+ Bf4) 43. Ba3 $1 e5 {Black is clearly winning.} 44. b5 axb5 45. axb5 Ra8 {Precision: White = 27%, Black = 54%.} 0-1